000 00686nam a22001937a 4500
999 _c178659
_d178659
005 20210412102611.0
010 _aB-739763
020 _a9788126030750
_c140.00
035 _aB-739763
037 _bGift
082 _a812.08
100 _aKurtkoti, Kirtinath
245 _aRe-cognition:
_ba study of sanskrit drama /
_cby Kirtinath Kurtkoti
260 _aNew Delhi
_bSahitya Akademi
_c2011
270 _aRabindra Bhavan, 35, Ferozshah Road
_bNew Delhi
_e110001
300 _axiv, 211p.
_c22cm(Hb)
942 _2ddc
_cEN
_h812.08
_mKUR